000 01650nam a2200241Ia 4500
003 Ost
005 20260416102402.0
008 260416s9999||||xx |||||||||||||| ||und||
040 _cfsecg
041 _aara
082 _a336
100 _aجابلة، صبرينة
_eمؤلف
245 0 _aالمالية العمومية :
_bموجهة إلى طلبة السنة الثانية ليسانس /
_c صبرينة جابلة
260 _aالجزائر
_bجامعة الجزائر3: كلية العلوم الإقتصادية، العلوم التجارية وعلوم التسيير
_c2025
300 _a165 ورقة
_bايضاحات
_c12 سم
504 _aالمراجع ص.162
520 _a نشأة المالية العمومية وتطورها في الفكر الاقتصادي، الإطار المفاهيمي للنفقات العمومية، الإطار المفاهيمي للإيرادات العمومية، ،الموازنة العمومية للدولة وقوانين المالية، الرقابة على الموازنة، سياسات الموازنة العمومية، موازنة الجماعات المحلية، اشكاليات المالية العمومية في الجزائر، الاتجاهات المعاصرة للموازنة العمومية، المالية العمومية في المنظور الاسلامي .
653 _aالمالية العامة
653 _aالموازنة
653 _aالنفقات
710 _aجامعة الجزائر3: كلية العلوم الإقتصادية، العلوم التجارية وعلوم التسيير
_eناشر علمي
942 _cHANDOUT
999 _c41471
_d41471